000 00337nam a22001337a 4500
005 20180208153037.0
008 180208b xxu||||| |||| 00| 0 eng d
040 _cPK-LaUMT
082 _aPKAC 297.082
_bKHA-
245 _aKhatoon e khana/
260 _aیوپی:
_bمکبتہ ذکری رامپور
_c1979
300 _a127
942 _cBK
999 _c102898
_d102898